| 000 | 00599nam a22001937a 4500 | ||
|---|---|---|---|
| 008 | 150925b xxu||||| |||| 00| 0 eng d | ||
| 020 | _a0673151557 : | ||
| 041 | 0 | _aeng | |
| 080 | _a820 | ||
| 100 | 1 | _aAnderson, George Kumler, | |
| 245 | 1 | 0 |
_aThe literature of England / _c[edited by] George Anderson, William Buckler, Mary Harris Veeder. |
| 250 | _a3d single volume ed. | ||
| 260 |
_aGlenview, Ill. : _bScott, Foresman, _c1979. |
||
| 300 |
_a1263 f. : _bme il.; _c27 cm. |
||
| 650 | 0 | _aLetërsia Angleze | |
| 700 | 1 | _aBuckler, William Earl, | |
| 700 | 1 | _aVeeder, Mary Harris, | |
| 942 |
_2udc _cBK |
||
| 999 |
_c1181 _d1181 |
||